Loading...
| Science - Physics | 2 | 6 | 0 | 2 | 90 | 47 | 97.13 | 2 | 4 | 0.00 | 0.00 |
| Science - Chemistry | 2 | 4 | 1 | 1 | 65 | 38 | 102.67 | 1 | 2 | 0.00 | 0.00 |
| Science - Biology | 0 | 6 | 2 | 1 | 50 | 81 | 100.50 | 1 | 4 | 0.00 | 0.00 |
| Science - Other | 0 | 2 | 1 | 1 | 15 | 121 | 131.50 | 0 | 1 | 0.00 | 0.00 |
| Social Science | 0 | 1 | 0 | 0 | 10 | 96 | 96.00 | 1 | 1 | 0.00 | 0.00 |
| Fine Arts - Classical Music and Opera | 0 | 1 | 0 | 0 | 10 | 97 | 97.00 | 0 | 1 | 0.00 | 0.00 |
| Fine Arts - Visual | 0 | 1 | 0 | 1 | 10 | 152 | 152.00 | 0 | 0 | 0.00 | 0.00 |
| Beliefs | 0 | 1 | 0 | 0 | 10 | 113 | 113.00 | 0 | 1 | 0.00 | 0.00 |
| Other Academic | 0 | 0 | 1 | 0 | -5 | 0.00 | 0 | 0 | 0.00 | 0.00 |